01924nam a2200265 a 4500001001000000005001700010008004100027041000800068044000800076084002100084100004500105245017500150260004200325300001700367500074500384500021101129500001101340546002401351650005201375650005601427650003401483650004501517700004601562740005001608BRCA_336020190320204237.0260309s1895----enk#---###---#000-0#eng-# aeng aenk a654b.B533c18951 aCervantes Saavedra, Miguel ded1547-161610aThe Ingenious Gentleman Don Quixote of la ManchacBy Miguel de Cervantes Saavedra; A New Edition with Notes Original and Selected done into English by Henry Edward Watts. aLondresbAdam and Charles Blackc1895 a4 v.c22 cm. aContenido : v.1. Primera parte. Prefacio e introducción por H. E. Watts. Dedicatoria y prólogo del autor. Versos Preliminares. Apéndices: A. LIbros de caballería B. Historia de Amadís C. La familia de Amadís D. El paso honroso de Suero de Quiñones E. Dulcinea del Toboso F. La Mancha. -- v.2. Primera parte. Texto. Notas al pie. Apéndices: A. El mito de Rolando B. El Cid. -- v.3. Segunda parte. Introducción del traductor. Aprobación de Márquez Torres. Notas al pie. Apéndices: A. El encantador Merlín B. Refranes españoles C. Baladas españolas. -- v.4. Segunda parte. Texto. Notas al pie. Apéndices: A. Cronología de Don Quijote B. Itinerario de Don Quijote C. Mapa e índice alfabético de los 4 tomos aEdición conforme a la de 1888, publicada por B. Quaritch, impresa con menos lujo y en menor tamaño. Pero el texto está más depurado y más simplificado y aumentadas las notas. Tela Lúdovik Osterc aQM487A aTexto en : inglés14aNovela españolayÉpoca clásica, 1500-170014aLiteratura españolayÉpoca clásica, 1500-170014aNovela españolaySiglo XVII14aDon Quijote (Personaje ficticio)eNovela1 aWatts, Henry Edwardd1826-1904eTraductor0 aEl Ingenioso Hidalgo Don Quijote de la Mancha